000 00773nam a2200205Ii 4500
003 JO-AjNU
008 230605s9999||||xx |||||||||||||| ||und||
040 _aJO-AjNU
_bara
_erda
_cJO-AjNU
041 _aara
050 1 4 _aLB1025.2.P3712 2004
100 3 _aعبدالله،ميسون يونس مترجم/سليمان،محمد طالب السيد مراجع,
_eauthor
_911838
245 0 0 _aForrest W Parkay ; Beverly Jarcastle Stanfort. = فن التدريس : مستقبلك في مهنة التدريس
250 _aط1
264 3 1 _aالعين:دار الكتاب الجامعي،2004
300 _a389ص
336 _atext
_btxt
_2rdacontent
337 _aunmediated
_bn
_2rdamedia
338 _avolume
_bnc
_2rdacarrier
650 4 _aالتعليم-مناهج
_911839
999 _aA2529
_c6097
_d6097